Normal view
MARC view
- Sprengel, Ann D.,
Entry Personal Name
001 - CONTROL NUMBER
- control field: 5834
003 - CONTROL NUMBER IDENTIFIER
- control field: URS
005 - DATE AND TIME OF LATEST TRANSACTION
- control field: 20240620211651.0
008 - FIXED-LENGTH DATA ELEMENTS
- fixed length control field: 240620|| aca||aabn | a|a d
040 ## - CATALOGING SOURCE
- Original cataloging agency: URS
100 ## - HEADING--PERSONAL NAME
- Personal name: Sprengel, Ann D.,
- Relator term: author.